LotR Ring-bearers - Statistics

General Stats
  • This quiz has been taken 126 times
    115 since last reset
  • The average score is 15 of 27
Answer Stats
Answer % Correct
Sauron
99%
Frodo
95%
Gollum
94%
Bilbo
89%
Galadriel
86%
Sam
85%
Elrond
78%
Gandalf
78%
Isildur
77%
Thorin I
59%
Thror
59%
Celebrimbor
58%
Thrain I
58%
Thrain II
58%
Witch King
58%
Durin III
45%
Durin IV
45%
Durin V
45%
Durin VI
45%
Khamul
43%
Gil-galad
42%
Cirdan
38%
Dain I
34%
Gloin I
25%
Nain I
18%
Nain II
18%
Oin I
16%
No matching quizzes found
Score Distribution
Percent of People with Each Score
Percentile by Number Answered
Your Score History
You have not taken this quiz since the last reset